[Event "POL-ch Blitz U18 Girls"]
[Site "Bydgoszcz"]
[Date "2023.08.31"]
[Round "2"]
[White "Grad, Zuzanna"]
[Black "Mamak, Malgorzata"]
[Result "1-0"]
[WhiteElo "1125"]
[BlackElo "1159"]
[PlyCount "82"]
[EventDate "2023.08.28"]
[EventType "swiss"]
[EventRounds "9"]
[EventCountry "POL"]
[SourceTitle "EXT 2024"]
[Source "ChessBase"]
[SourceDate "2023.10.10"]
[SourceVersion "1"]
[SourceVersionDate "2023.10.10"]
[SourceQuality "1"]

1. e4 c5 2. Nf3 a6 3. d4 cxd4 4. Nxd4 Nf6 5. Nc3 e5 6. Nf3 Bb4 7. Bd2 Bxc3 8. Bxc3 Nxe4 9. Bxe5 Qe7 10. Bd3 d6 11. Bxe4 dxe5 12. 0-0 0-0 13. h3 Qf6 14. Re1 Nc6 15. a3 Rd8 16. Qe2 h6 17. Red1 Rxd1+ 18. Rxd1 Be6 19. Bxc6 bxc6 20. Qxe5 Qg6 21. Rd2 Bxh3 22. Qg3 Bg4 23. Ne5 Qe6 24. Kf1 Bf5 25. Qe3 Re8 26. Re2 Bxc2 27. Rxc2 Qxe5 28. Qxe5 Rxe5 29. Rxc6 Re6 30. Rxe6 fxe6 31. Ke2 Kf7 32. Kd3 Ke7 33. Kc4 Kd6 34. b4 Kc6 35. a4 g5 36. b5+ axb5+ 37. axb5+ Kb6 38. g4 e5 39. Kd5 Kxb5 40. Kxe5 Kc4 41. Ke4 Kc5 1-0